[Event "South African op"]
[Site "Cape Town"]
[Date "2022.07.17"]
[Round "11"]
[White "De Villiers, Charles"]
[Black "Wilken, Justin Barend"]
[Result "1/2-1/2"]
[WhiteElo "2110"]
[BlackElo "1862"]
[PlyCount "71"]
[EventDate "2022.07.09"]
[EventType "swiss"]
[EventRounds "11"]
[EventCountry "RSA"]
[SourceTitle "CBM 209 Extra"]
[Source "ChessBase"]
[SourceDate "2022.09.30"]
[SourceVersion "1"]
[SourceVersionDate "2022.09.30"]
[SourceQuality "1"]

1. d4 f5 2. e4 fxe4 3. Nc3 Nf6 4. Bg5 g6 5. h4 d5 6. h5 Bf5 7. f3 Qd6 8. Qd2 exf3 9. 0-0-0 Nxh5 10. Nxf3 h6 11. Be3 c6 12. Nh4 Nf6 13. Bf4 Qd7 14. Be5 Rg8 15. Nxf5 Qxf5 16. Bd3 Qg5 17. Bf4 Qg4 18. Bxh6 Nbd7 19. Bf4 Nh5 20. Bh2 0-0-0 21. Ne2 e5 22. dxe5 Qa4 23. Kb1 Re8 24. Nc3 Qg4 25. Rde1 Bb4 26. a3 Ba5 27. Qe2 Qe6 28. g4 Ng7 29. Qe3 Bb6 30. Qg5 Nf8 31. Rhf1 Bd8 32. Qh6 Qxg4 33. Rf7 Qh4 34. Qxh4 Bxh4 35. Rg1 Nge6 36. Ne2 1/2-1/2

[Event "South African op"]
[Site "Cape Town"]
[Date "2022.07.10"]
[Round "4"]
[White "De Jager, Luan"]
[Black "De Villiers, Charles"]
[Result "1/2-1/2"]
[WhiteElo "1875"]
[BlackElo "2110"]
[PlyCount "50"]
[EventDate "2022.07.09"]
[EventType "swiss"]
[EventRounds "11"]
[EventCountry "RSA"]
[SourceTitle "CBM 209 Extra"]
[Source "ChessBase"]
[SourceDate "2022.09.30"]
[SourceVersion "1"]
[SourceVersionDate "2022.09.30"]
[SourceQuality "1"]

1. e4 d6 2. d4 Nf6 3. Nc3 c6 4. Nf3 Bg4 5. Be2 e6 6. 0-0 d5 7. exd5 Bxf3 8. Bxf3 cxd5 9. Bf4 a6 10. Ne2 Nc6 11. c3 Bd6 12. Re1 0-0 13. h3 Rc8 14. Bxd6 Qxd6 15. Nc1 Rc7 16. Nd3 Nd7 17. Qd2 Rfc8 18. Bd1 Na5 19. Bb3 b5 20. Re2 Nc4 21. Bxc4 bxc4 22. Ne5 Rb7 23. Nxd7 Qxd7 24. Rc1 Rcb8 25. Rc2 Rb6 1/2-1/2

[Event "RSA-ch"]
[Site "Cape Town"]
[Date "2017.12.18"]
[Round "10"]
[White "Bhawoodien, Mohamed Ozayr"]
[Black "De Villiers, Charles"]
[Result "1/2-1/2"]
[WhiteElo "2114"]
[BlackElo "2118"]
[PlyCount "79"]
[EventDate "2017.12.09"]
[EventType "tourn"]
[EventRounds "11"]
[EventCountry "RSA"]
[SourceTitle "CBM 182 Extra"]
[Source "ChessBase"]
[SourceDate "2018.02.23"]
[SourceVersion "1"]
[SourceVersionDate "2018.02.23"]
[SourceQuality "1"]

1. d4 d6 2. Nf3 g6 3. c4 Bg7 4. Nc3 Bg4 5. e3 c5 6. Be2 cxd4 7. exd4 Nh6 8. h3 Bxf3 9. Bxf3 Nc6 10. Qa4 Qd7 11. Bxc6 Qxc6 12. Qxc6+ bxc6 13. Bxh6 Bxh6 14. 0-0 Rb8 15. b3 Bg7 16. Rad1 Kd7 17. Rfe1 c5 18. Ne2 cxd4 19. Nxd4 Rhc8 20. Nc2 Rc5 21. Re3 Ra5 22. a3 Re5 23. Rxe5 Bxe5 24. Rd3 Rc8 25. Rd5 Rc5 26. Rxc5 dxc5 27. Kf1 a5 28. a4 h5 29. g4 Bf4 30. Ke2 Kd6 31. Na3 Ke6 32. Nb5 Be5 33. Ke3 f5 34. gxh5 gxh5 35. f4 Bb2 36. Nc7+ Kd7 37. Nb5 e6 38. Kf3 Ke7 39. Na7 Kd6 40. Nb5+ 1/2-1/2

[Event "RSA-ch"]
[Site "Cape Town"]
[Date "2017.12.14"]
[Round "6"]
[White "De Villiers, Charles"]
[Black "Hercules, Benjamin Vincent"]
[Result "0-1"]
[WhiteElo "2118"]
[BlackElo "2155"]
[PlyCount "62"]
[EventDate "2017.12.09"]
[EventType "tourn"]
[EventRounds "11"]
[EventCountry "RSA"]
[SourceTitle "CBM 182 Extra"]
[Source "ChessBase"]
[SourceDate "2018.02.23"]
[SourceVersion "1"]
[SourceVersionDate "2018.02.23"]
[SourceQuality "1"]

1. d4 d5 2. c4 c6 3. Nc3 Nf6 4. e3 e6 5. Nf3 Nbd7 6. Qc2 Bd6 7. a3 0-0 8. b4 Qe7 9. Bb2 e5 10. cxd5 cxd5 11. Nb5 Bb8 12. Nc7 Bxc7 13. Qxc7 Ne8 14. Qc2 e4 15. Ne5 Nb6 16. h3 f6 17. Ng4 Bxg4 18. hxg4 Nd6 19. a4 Nbc4 20. Bc3 a6 21. Be2 Rac8 22. Qb3 b5 23. Ra2 Rc7 24. axb5 axb5 25. 0-0 f5 26. gxf5 Qg5 27. Ra6 Nxf5 28. Be1 Nh4 29. g3 Nf3+ 30. Kg2 Rcf7 31. Ra1 Qh5 0-1

[Event "RSA-ch"]
[Site "Cape Town"]
[Date "2017.12.13"]
[Round "5"]
[White "Van Rensburg, Ryan Pierre"]
[Black "De Villiers, Charles"]
[Result "1-0"]
[WhiteElo "2214"]
[BlackElo "2118"]
[PlyCount "67"]
[EventDate "2017.12.09"]
[EventType "tourn"]
[EventRounds "11"]
[EventCountry "RSA"]
[SourceTitle "CBM 182 Extra"]
[Source "ChessBase"]
[SourceDate "2018.02.23"]
[SourceVersion "1"]
[SourceVersionDate "2018.02.23"]
[SourceQuality "1"]

1. d4 Nf6 2. c4 g6 3. f3 Nh5 4. e4 e5 5. Be3 Bb4+ 6. Nc3 exd4 7. Qxd4 0-0 8. Nge2 Nc6 9. Qd2 d6 10. Bg5 f6 11. Bh6 Ng7 12. a3 Bc5 13. b4 Bb6 14. Nd5 Ne5 15. Nec3 Be6 16. Nb5 Nf7 17. Nxb6 axb6 18. Be3 f5 19. Nc3 fxe4 20. Nxe4 Nf5 21. Bf4 b5 22. Qc3 Ne5 23. Bg5 Qe8 24. cxb5 Nd7 25. Kf2 d5 26. Nf6+ Nxf6 27. Bxf6 Qd7 28. Rd1 Rae8 29. Be5 Rd8 30. Qxc7 Qe8 31. Bd3 Rc8 32. Qxb7 Rf7 33. Qb6 Nh4 34. Rhe1 1-0

[Event "RSA-ch"]
[Site "Cape Town"]
[Date "2017.12.09"]
[Round "1"]
[White "Mabusela, Johannes Manyedi"]
[Black "De Villiers, Charles"]
[Result "1-0"]
[WhiteElo "2213"]
[BlackElo "2118"]
[PlyCount "82"]
[EventDate "2017.12.09"]
[EventType "tourn"]
[EventRounds "11"]
[EventCountry "RSA"]
[SourceTitle "CBM 182 Extra"]
[Source "ChessBase"]
[SourceDate "2018.02.23"]
[SourceVersion "1"]
[SourceVersionDate "2018.02.23"]
[SourceQuality "1"]

1. d4 Nf6 2. c4 g6 3. Nc3 Bg7 4. e4 0-0 5. Be3 d6 6. f3 Nc6 7. Nge2 a6 8. Qd2 Bd7 9. g4 b5 10. h4 h5 11. g5 Nh7 12. cxb5 axb5 13. Nxb5 Na5 14. Na3 Qb8 15. Nc3 Qb7 16. Be2 Rfb8 17. Rb1 Nc6 18. Nc2 e5 19. 0-0 exd4 20. Nxd4 Ne5 21. b4 f6 22. b5 fxg5 23. hxg5 Re8 24. Nd5 Nf8 25. Rfc1 Rac8 26. a4 Ne6 27. Nxe6 Bxe6 28. a5 Kh7 29. a6 Qb8 30. Nf6+ Bxf6 31. gxf6 Rf8 32. Bd4 g5 33. Kf2 Rxf6 34. Qxg5 Rcf8 35. Bxe5 Qb6+ 36. Qe3 dxe5 37. Rc6 Qb8 38. Qc5 R8f7 39. Qxe5 Qf8 40. Rxc7 Bd7 41. Rb3 Qh6 1-0

[Event "Titled Tuesday intern op 6th June"]
[Site "Chess.com INT"]
[Date "2017.06.06"]
[Round "10"]
[White "De Villiers, Charles"]
[Black "Chen, Forest"]
[Result "0-1"]
[WhiteElo "2206"]
[BlackElo "1946"]
[PlyCount "66"]
[EventDate "2017.06.06"]
[EventType "swiss (blitz)"]
[EventRounds "10"]
[EventCountry "USA"]
[SourceTitle "EXT 2021"]
[Source "ChessBase"]
[SourceDate "2020.10.23"]
[SourceVersion "1"]
[SourceVersionDate "2020.10.23"]
[SourceQuality "1"]

1. d4 d5 2. c4 c6 3. Nc3 Nf6 4. e3 e6 5. Nf3 Nbd7 6. Qc2 Bd6 7. g4 h6 8. Rg1 e5 9. cxd5 cxd5 10. g5 hxg5 11. Nxg5 e4 12. h3 a6 13. Bd2 0-0 14. 0-0-0 b5 15. Kb1 Nb6 16. f3 Bf5 17. fxe4 dxe4 18. Be2 b4 19. Na4 Rc8 20. Nc5 Nbd5 21. Bxa6 Ra8 22. Bc4 Qe7 23. Qb3 Bxc5 24. dxc5 Qxc5 25. Rdf1 Bg6 26. Ne6 fxe6 27. Rxg6 Rac8 28. Rc1 Qd6 29. Rcg1 Rc7 30. R1g5 Qc5 31. Be2 Qd6 32. Bg4 Nxg4 33. Rxg4 Qh2 0-1

[Event "Titled Tuesday intern op 6th June"]
[Site "Chess.com INT"]
[Date "2017.06.06"]
[Round "8"]
[White "De Villiers, Charles"]
[Black "Eden, James"]
[Result "1-0"]
[WhiteElo "2206"]
[BlackElo "2372"]
[PlyCount "47"]
[EventDate "2017.06.06"]
[EventType "swiss (blitz)"]
[EventRounds "10"]
[EventCountry "USA"]
[SourceTitle "EXT 2021"]
[Source "ChessBase"]
[SourceDate "2020.10.23"]
[SourceVersion "1"]
[SourceVersionDate "2020.10.23"]
[SourceQuality "1"]

1. d4 d5 2. c4 c6 3. Nc3 Nf6 4. e3 a6 5. Qc2 e6 6. b3 Be7 7. Bd3 0-0 8. Nf3 Nbd7 9. 0-0 b5 10. Ne5 Bb7 11. Bb2 h6 12. f4 Rc8 13. c5 Nxe5 14. fxe5 Nd7 15. e4 Bg5 16. Qe2 f6 17. exd5 exd5 18. e6 Re8 19. Rae1 Nb8 20. Qh5 b4 21. Qf7+ Kh8 22. e7 Qd7 23. Qg6 Rxe7 24. Qh7# 1-0

[Event "Cape Town Chess Lounge"]
[Site "Cape Town"]
[Date "2016.12.01"]
[Round "6"]
[White "Amini, Daud"]
[Black "De Villiers, Charles"]
[Result "0-1"]
[WhiteElo "2022"]
[BlackElo "2246"]
[PlyCount "46"]
[EventDate "2016.11.27"]
[EventType "tourn"]
[EventRounds "9"]
[EventCountry "RSA"]
[EventCategory "1"]
[SourceTitle "EXT 2018"]
[Source "ChessBase"]
[SourceDate "2017.10.13"]
[SourceVersion "1"]
[SourceVersionDate "2017.10.13"]
[SourceQuality "1"]

1. d4 d6 2. c4 e5 3. Nc3 exd4 4. Qxd4 Nc6 5. Qd2 g6 6. b3 Bg7 7. Bb2 Nf6 8. e4 0-0 9. Bd3 Re8 10. Nge2 Ng4 11. Nd5 Nce5 12. Ndc3 Qh4 13. Ng3 Bh6 14. Qc2 Nxf2 15. Kxf2 f5 16. Kf1 f4 17. Nge2 f3 18. g3 fxe2+ 19. Bxe2 Qh3+ 20. Ke1 Rf8 21. c5 Be6 22. Nd5 Bxd5 23. exd5 Qg2 0-1

[Event "Cape Town Chess Lounge"]
[Site "Cape Town"]
[Date "2016.11.27"]
[Round "2"]
[White "De Villiers, Charles"]
[Black "Anwuli, Daniel"]
[Result "0-1"]
[WhiteElo "2246"]
[BlackElo "2331"]
[PlyCount "58"]
[EventDate "2016.11.27"]
[EventType "tourn"]
[EventRounds "9"]
[EventCountry "RSA"]
[EventCategory "1"]
[SourceTitle "EXT 2018"]
[Source "ChessBase"]
[SourceDate "2017.10.13"]
[SourceVersion "1"]
[SourceVersionDate "2017.10.13"]
[SourceQuality "1"]

1. d4 Nf6 2. c4 g6 3. Nc3 d5 4. cxd5 Nxd5 5. Nf3 Bg7 6. e4 Nxc3 7. bxc3 c5 8. Be3 0-0 9. Be2 Qa5 10. 0-0 Nd7 11. Qb3 Qc7 12. d5 Nf6 13. Qc2 Ng4 14. Bg5 f5 15. h3 Nf6 16. Qb3 Kh8 17. e5 Ne4 18. Bf4 g5 19. Nxg5 Nxg5 20. Bxg5 Qxe5 21. Bf3 f4 22. Bh4 Qd6 23. Rae1 Bf6 24. Bxf6+ Rxf6 25. Re2 Bf5 26. Rfe1 Rg8 27. Kh2 Rh6 28. c4 Bxh3 29. gxh3 Rxh3+ 0-1

[Event "South African op"]
[Site "Cape Town"]
[Date "2015.07.09"]
[Round "9"]
[White "Masango, Spencer"]
[Black "De Villiers, Charles"]
[Result "0-1"]
[WhiteElo "2126"]
[BlackElo "2237"]
[PlyCount "54"]
[EventDate "2015.07.03"]
[EventType "swiss"]
[EventRounds "11"]
[EventCountry "RSA"]
[SourceTitle "CBM 167 Extra"]
[Source "ChessBase"]
[SourceDate "2015.09.14"]
[SourceVersion "1"]
[SourceVersionDate "2015.09.14"]
[SourceQuality "1"]

1. Nf3 c5 2. g3 g6 3. Bg2 Bg7 4. 0-0 Nc6 5. c4 e6 6. Nc3 Nge7 7. e3 0-0 8. d4 cxd4 9. exd4 d5 10. cxd5 exd5 11. Bg5 h6 12. Bxe7 Nxe7 13. Qb3 Qd6 14. Ne5 Be6 15. Rae1 Nf5 16. Nxg6 Nxd4 17. Qxb7 fxg6 18. Nb5 Qd7 19. Qxd7 Bxd7 20. Bxd5+ Kh8 21. Nxd4 Bxd4 22. Re2 Rab8 23. Bb3 Bh3 24. Rd2 Bb6 25. Rc1 Rbd8 26. Re2 Rxf2 27. Rxf2 Rd2 0-1

[Event "South African op"]
[Site "Cape Town"]
[Date "2015.07.04"]
[Round "3"]
[White "De Villiers, Charles"]
[Black "Wium, Daniel J"]
[Result "1/2-1/2"]
[WhiteElo "2237"]
[BlackElo "1923"]
[PlyCount "88"]
[EventDate "2015.07.03"]
[EventType "swiss"]
[EventRounds "11"]
[EventCountry "RSA"]
[SourceTitle "CBM 167 Extra"]
[Source "ChessBase"]
[SourceDate "2015.09.14"]
[SourceVersion "1"]
[SourceVersionDate "2015.09.14"]
[SourceQuality "1"]

1. d4 Nf6 2. c4 g6 3. Nc3 Bg7 4. e4 d6 5. f4 0-0 6. Nf3 c5 7. d5 e6 8. Be2 exd5 9. cxd5 Re8 10. e5 dxe5 11. fxe5 Ng4 12. Bg5 Qb6 13. 0-0 Nxe5 14. d6 Nxf3+ 15. Bxf3 Bd4+ 16. Kh1 Nd7 17. Bd5 Ne5 18. Ne4 Be6 19. Nf6+ Kg7 20. Nxe8+ Rxe8 21. Bf6+ Kg8 22. Qa4 Rf8 23. Bxe5 Bxd5 24. Bxd4 cxd4 25. Rf2 Rd8 26. Rd1 Rxd6 27. Rfd2 Bc6 28. Qc4 Bd5 29. Qa4 Bc6 30. Qa3 a6 31. b3 Be4 32. Qa4 Bc6 33. Qc4 Bd5 34. Qe2 Bc6 35. Qe5 Rd5 36. Qe7 Rf5 37. h3 Qa5 38. Rxd4 Qxa2 39. Rd8+ Kg7 40. Qf8+ Kf6 41. R8d6+ Kg5 42. Qe7+ Kh6 43. Qe3+ Kg7 44. Qc3+ Kh6 1/2-1/2

[Event "RSA-ch"]
[Site "Cape Town"]
[Date "2014.01.05"]
[Round "2"]
[White "De Villiers, Charles"]
[Black "Solomons, Deon"]
[Result "1-0"]
[WhiteElo "2252"]
[BlackElo "2159"]
[PlyCount "83"]
[EventDate "2014.01.04"]
[EventType "tourn"]
[EventRounds "11"]
[EventCountry "RSA"]
[SourceTitle "CBM 158 Extra"]
[Source "ChessBase"]
[SourceDate "2014.02.28"]
[SourceVersion "1"]
[SourceVersionDate "2014.02.28"]
[SourceQuality "1"]

1. d4 g6 2. e4 d6 3. c4 Nd7 4. Nf3 Bg7 5. Nc3 c6 6. Be2 Qc7 7. Be3 Ngf6 8. Nd2 e5 9. d5 a6 10. Qc2 0-0 11. 0-0 cxd5 12. cxd5 b5 13. Rfc1 Bb7 14. b4 Qd8 15. a4 bxa4 16. Qxa4 Ne8 17. Nc4 f5 18. f3 Rf7 19. Na5 Nf8 20. Nxb7 Rxb7 21. Bxa6 Rbb8 22. Qb3 Qh4 23. Be2 Nf6 24. Rxa8 Rxa8 25. b5 Bh6 26. Bf2 Qf4 27. Rb1 fxe4 28. fxe4 N8d7 29. b6 Rf8 30. Qc2 Nc5 31. Bf3 Nfd7 32. Na4 Qg5 33. Nxc5 dxc5 34. Kh1 Qd2 35. Qxd2 Bxd2 36. Bg4 Rxf2 37. Bxd7 Ba5 38. b7 Bc7 39. b8Q+ Bxb8 40. Rxb8+ Kg7 41. Kg1 Re2 42. Rc8 1-0

[Event "Cape Town DSK op"]
[Site "Cape Town"]
[Date "2013.07.29"]
[Round "9"]
[White "Ipatov, Alexander"]
[Black "De Villiers, Charles"]
[Result "1-0"]
[WhiteElo "2583"]
[BlackElo "2255"]
[PlyCount "69"]
[EventDate "2013.07.20"]
[EventType "swiss"]
[EventRounds "9"]
[EventCountry "RSA"]
[SourceTitle "CBM 155 Extra"]
[Source "ChessBase"]
[SourceDate "2013.08.26"]
[SourceVersion "1"]
[SourceVersionDate "2013.08.26"]
[SourceQuality "1"]

1. d4 g6 2. c4 Bg7 3. Nf3 c5 4. d5 b5 5. cxb5 a6 6. bxa6 Bxa6 7. Nc3 d6 8. e4 Qa5 9. Bd2 Nf6 10. Be2 Bxe2 11. Qxe2 Qa6 12. Nb5 0-0 13. a4 Nbd7 14. Bc3 Rae8 15. 0-0 e6 16. Qc2 Qb6 17. dxe6 Rxe6 18. Ng5 Re7 19. Rfd1 h6 20. Rxd6 Qb7 21. Nf3 Nxe4 22. Bxg7 Kxg7 23. Rdd1 Ndf6 24. h3 Rb8 25. b3 Nd5 26. Nd6 Nxd6 27. Qxc5 Ne4 28. Qxd5 Qxd5 29. Rxd5 Rxb3 30. a5 Ra7 31. Nd4 Rb2 32. Nb5 Ra6 33. Nc7 Ra7 34. Rd7 Kf8 35. Ne6+ 1-0

[Event "Cape Town DSK op"]
[Site "Cape Town"]
[Date "2013.07.28"]
[Round "8"]
[White "De Villiers, Charles"]
[Black "Arnold, Marc Tyler"]
[Result "0-1"]
[WhiteElo "2255"]
[BlackElo "2525"]
[PlyCount "133"]
[EventDate "2013.07.20"]
[EventType "swiss"]
[EventRounds "9"]
[EventCountry "RSA"]
[SourceTitle "CBM 155 Extra"]
[Source "ChessBase"]
[SourceDate "2013.08.26"]
[SourceVersion "1"]
[SourceVersionDate "2013.08.26"]
[SourceQuality "1"]

1. d4 e6 2. c4 b6 3. a3 Bb7 4. Nc3 Nf6 5. d5 d6 6. e4 Nbd7 7. Bd3 g6 8. Nf3 Bg7 9. 0-0 0-0 10. Re1 a5 11. Rb1 Nh5 12. Bg5 Qc8 13. Qd2 Nc5 14. Bc2 a4 15. Nd4 Qd7 16. Bh6 e5 17. Bxg7 Nxg7 18. Ndb5 Ba6 19. Re3 Bxb5 20. Nxb5 Nh5 21. Nc3 Nf4 22. Rf1 Kh8 23. g3 g5 24. f3 Ng6 25. Ree1 f6 26. Nd1 b5 27. cxb5 Qxb5 28. Qb4 Qd7 29. Ne3 Rab8 30. Qc3 Rg8 31. Nc4 h5 32. Na5 Rbf8 33. Nc6 Ne7 34. Nxe7 Qxe7 35. Kh1 Qd7 36. f4 Rf7 37. Qe3 h4 38. fxe5 fxe5 39. Rf5 Rxf5 40. exf5 Qf7 41. Rd1 hxg3 42. Qxg3 Qf6 43. Qg4 Kg7 44. Rg1 Kf7 45. Bxa4 Nxa4 46. Qxa4 Qxf5 47. Qg4 Qxg4 48. Rxg4 Kf6 49. Rc4 Rb8 50. b4 Ra8 51. Rxc7 Rxa3 52. Rc6 e4 53. Rxd6+ Ke5 54. Rg6 Kxd5 55. Kg2 Ke5 56. Rxg5+ Kf4 57. Ra5 Rb3 58. b5 Rb2+ 59. Kg1 Kf3 60. h4 e3 61. Ra1 Rg2+ 62. Kh1 Rg4 63. Rf1+ Ke2 64. Rf6 Kd3 65. Rd6+ Ke2 66. b6 Rxh4+ 67. Kg2 0-1

[Event "Pretoria Capablanca"]
[Site "Pretoria"]
[Date "2012.05.01"]
[Round "8"]
[White "Mabusela, Johannes Manyedi"]
[Black "De Villiers, Charles"]
[Result "1/2-1/2"]
[WhiteElo "2298"]
[BlackElo "2255"]
[PlyCount "35"]
[EventDate "2012.04.27"]
[EventType "tourn"]
[EventRounds "9"]
[EventCountry "RSA"]
[EventCategory "1"]
[SourceTitle "CBM 148 Extra"]
[Source "ChessBase"]
[SourceDate "2012.06.22"]
[SourceVersion "1"]
[SourceVersionDate "2012.06.22"]
[SourceQuality "1"]

1. e4 c5 2. Nf3 a6 3. c4 e6 4. Nc3 Qc7 5. d4 cxd4 6. Nxd4 Nf6 7. Bd3 Bc5 8. Be3 b6 9. 0-0 Bb7 10. Re1 0-0 11. Rc1 d6 12. a3 Nc6 13. Nxc6 Bxc6 14. Bg5 Qd8 15. b4 Bd4 16. Bb1 e5 17. Nd5 Bxd5 18. exd5 1/2-1/2

[Event "Pretoria Capablanca"]
[Site "Pretoria"]
[Date "2012.04.28"]
[Round "4"]
[White "Van der Nat, Nicholas P"]
[Black "De Villiers, Charles"]
[Result "1-0"]
[WhiteElo "2337"]
[BlackElo "2255"]
[PlyCount "45"]
[EventDate "2012.04.27"]
[EventType "tourn"]
[EventRounds "9"]
[EventCountry "RSA"]
[EventCategory "1"]
[SourceTitle "CBM 148 Extra"]
[Source "ChessBase"]
[SourceDate "2012.06.22"]
[SourceVersion "1"]
[SourceVersionDate "2012.06.22"]
[SourceQuality "1"]

1. e4 c5 2. Nf3 a6 3. c4 e6 4. Nc3 Qc7 5. Be2 Nf6 6. 0-0 Nc6 7. d4 cxd4 8. Nxd4 Bb4 9. Qd3 Bd6 10. Kh1 Nxd4 11. Qxd4 h5 12. f4 e5 13. Qd3 exf4 14. Nd5 Nxd5 15. exd5 g5 16. Bd2 Be7 17. Bc3 Rh6 18. Qd4 f6 19. Rae1 d6 20. h4 Qc5 21. Qe4 Kd8 22. Bd3 Qc7 23. Ba5 1-0

[Event "Commonwealth-ch"]
[Site "New Delhi"]
[Date "2010.05.14"]
[Round "7"]
[White "De Villiers, Charles"]
[Black "Saranya, J."]
[Result "0-1"]
[WhiteElo "2284"]
[BlackElo "2119"]
[PlyCount "94"]
[EventDate "2010.05.10"]
[EventType "swiss"]
[EventRounds "11"]
[EventCountry "IND"]
[SourceTitle "CBM 136 Extra"]
[Source "ChessBase"]
[SourceDate "2010.07.02"]
[SourceVersion "2"]
[SourceVersionDate "2010.07.15"]
[SourceQuality "1"]

1. d4 Nf6 2. c4 d6 3. Nf3 g6 4. Nc3 Bg7 5. g3 0-0 6. Bg2 Nc6 7. 0-0 e5 8. d5 Ne7 9. e4 Ne8 10. Bd2 f5 11. exf5 Bxf5 12. Ng5 Qd7 13. Qb3 Rb8 14. Be3 b6 15. c5 Nf6 16. cxb6 axb6 17. h3 h6 18. Ne6 Bxe6 19. dxe6 Qd8 20. f4 Nh5 21. fxe5 Nxg3 22. Rf7 Rxf7 23. exf7+ Kh7 24. e6 Nef5 25. Bf2 Qg5 26. Qd5 Bxc3 27. bxc3 Ne2+ 28. Kh1 Nf4 29. Qf3 Nxe6 30. Re1 Neg7 31. Qc6 Rf8 32. Qxc7 Qd2 33. Kg1 Qxa2 34. c4 Kh8 35. Bd5 Qb3 36. Qd7 Qxh3 37. Re8 Qg4+ 38. Bg2 Nxe8 39. fxe8Q Rxe8 40. Qxe8+ Kg7 41. Qe4 Qd1+ 42. Bf1 h5 43. Bxb6 Qxf1+ 44. Kh2 g5 45. Qb7+ Kg6 46. Qd7 Qxc4 47. Bd8 g4 0-1

[Event "Commonwealth-ch"]
[Site "New Delhi"]
[Date "2010.05.12"]
[Round "5"]
[White "De Villiers, Charles"]
[Black "Kovalyov, Anton"]
[Result "0-1"]
[WhiteElo "2284"]
[BlackElo "2615"]
[PlyCount "70"]
[EventDate "2010.05.10"]
[EventType "swiss"]
[EventRounds "11"]
[EventCountry "IND"]
[SourceTitle "CBM 136 Extra"]
[Source "ChessBase"]
[SourceDate "2010.07.02"]
[SourceVersion "2"]
[SourceVersionDate "2010.07.15"]
[SourceQuality "1"]

1. d4 Nf6 2. c4 e6 3. Nf3 b6 4. a3 Ba6 5. Qc2 Bb7 6. Nc3 c5 7. e4 cxd4 8. Nxd4 Bc5 9. Nb3 Nc6 10. Bg5 h6 11. Bh4 0-0 12. Rd1 Be7 13. Be2 Rc8 14. 0-0 Ba6 15. f4 e5 16. f5 d6 17. Bxf6 Bxf6 18. Kh1 Nb8 19. Nd2 Nd7 20. b4 Be7 21. Qb3 Nf6 22. Bd3 Ng4 23. Rf3 Bg5 24. Nf1 Qc7 25. h3 Nf6 26. Nb5 Bxb5 27. cxb5 d5 28. Ng3 Rfe8 29. Qb1 Bh4 30. Re1 Qd7 31. Rd1 Bxg3 32. Rxg3 dxe4 33. Bxe4 Qxb5 34. Rd6 Kh7 35. Qe1 Qc4 0-1

[Event "RSA-ch"]
[Site "Cape Town"]
[Date "2009.12.02"]
[Round "7"]
[White "De Villiers, Charles"]
[Black "Gluckman, David"]
[Result "1-0"]
[WhiteElo "2274"]
[BlackElo "2276"]
[PlyCount "135"]
[EventDate "2009.11.27"]
[EventType "tourn"]
[EventRounds "11"]
[EventCountry "RSA"]
[EventCategory "1"]
[SourceTitle "EXT 2011"]
[Source "ChessBase"]
[SourceDate "2010.11.26"]
[SourceVersion "1"]
[SourceVersionDate "2010.11.26"]
[SourceQuality "1"]

1. Nf3 Nf6 2. c4 g6 3. Nc3 d5 4. cxd5 Nxd5 5. e4 Nb6 6. h3 c5 7. d4 cxd4 8. Qxd4 Qxd4 9. Nxd4 Bg7 10. Ndb5 Na6 11. Be3 Be6 12. Nxa7 Nc4 13. Nab5 0-0 14. Bd4 Rfd8 15. Bxg7 Kxg7 16. b3 Nd6 17. 0-0-0 Rdc8 18. Kb2 Nxb5 19. Bxb5 Nb4 20. Rd4 Nc6 21. Ra4 Na7 22. Be2 Bd7 23. Rb4 Bc6 24. Rd1 Rc7 25. Nd5 Bxd5 26. Rxd5 e6 27. Rd2 Nc6 28. Rb6 Ra5 29. Rb5 Ra8 30. e5 Rac8 31. Bf3 Nd8 32. Be4 Kf8 33. a4 Ke8 34. f4 Ke7 35. a5 Rc5 36. Rxb7+ Nxb7 37. Bxb7 Rb8 38. a6 Ra5 39. Rd4 g5 40. b4 Rb5 41. fxg5 R5xb7 42. axb7 Rxb7 43. Kc3 Rb5 44. Re4 Kd7 45. Kc4 Kc6 46. h4 Rd5 47. g3 Rb5 48. Rf4 Rxe5 49. Rxf7 Re4+ 50. Kb3 Re3+ 51. Ka4 Rxg3 52. Rxh7 e5 53. Rh6+ Kd7 54. Kb5 Rg4 55. Kc5 e4 56. Kd4 e3+ 57. Kxe3 Rxb4 58. Kf3 Ke7 59. Kg3 Kf7 60. Rf6+ Kg7 61. Rf4 Rb2 62. Kg4 Ra2 63. h5 Ra1 64. h6+ Kh7 65. Rf7+ Kg8 66. Rb7 Kh8 67. Kh5 Ra2 68. Rb8+ 1-0

[Event "RSA-ch"]
[Site "Cape Town"]
[Date "2009.11.29"]
[Round "4"]
[White "Mabusela, Johannes Manyedi"]
[Black "De Villiers, Charles"]
[Result "1-0"]
[WhiteElo "2270"]
[BlackElo "2274"]
[PlyCount "67"]
[EventDate "2009.11.27"]
[EventType "tourn"]
[EventRounds "11"]
[EventCountry "RSA"]
[EventCategory "1"]
[SourceTitle "EXT 2011"]
[Source "ChessBase"]
[SourceDate "2010.11.26"]
[SourceVersion "1"]
[SourceVersionDate "2010.11.26"]
[SourceQuality "1"]

1. e4 g6 2. d4 Bg7 3. Nc3 d6 4. Be3 a6 5. Nf3 Nf6 6. Qd2 b5 7. Bh6 0-0 8. Bxg7 Kxg7 9. Bd3 Bb7 10. h4 h5 11. Qf4 Ng4 12. Ng5 Nc6 13. f3 e5 14. dxe5 dxe5 15. Qd2 Nf6 16. 0-0-0 Qe7 17. g4 Rh8 18. gxh5 Rxh5 19. Rdg1 Nb4 20. Be2 Qd6 21. f4 Rh6 22. fxe5 Qxd2+ 23. Kxd2 Nh5 24. Bxh5 Rxh5 25. Rf1 Rf8 26. Rf4 Nc6 27. Rhf1 Rd8+ 28. Kc1 Nxe5 29. Nxf7 Rd7 30. Ng5 Rd6 31. Rf8 Rxh4 32. Re8 Nc4 33. e5 Rd2 34. Ne6+ 1-0